[Event "RUS-chT Men Rapid 2019"]
[Site "Sochi"]
[Date "2019.10.18"]
[Round "3.23"]
[White "Tsoi, Dmitry"]
[Black "Linker, Mikhail"]
[Result "1-0"]
[WhiteElo "2329"]
[BlackElo "2269"]
[Annotator "NA"]
[PlyCount "81"]
[EventDate "2019.10.18"]
[EventType "swiss"]
[EventCountry "RUS"]
[SourceTitle "playchess.com"]
[Source "ChessBase"]
[SourceQuality "1"]
[TimeControl "900+10"]

1. f4 {[%emt 0:00:00]} d5 {[%emt 0:00:10]} 2. Nf3 {[%emt 0:00:00]} Nf6 {[%emt 0:00:03]} 3. e3 {[%emt 0:00:01]} g6 {[%emt 0:00:14]} 4. d4 {[%emt 0:00:01]} Bg7 {[%emt 0:00:03]} 5. Bd3 {[%emt 0:00:02]} b6 {[%emt 0:00:21]} 6. c3 {[%emt 0:00:12]} O-O {[%emt 0:00:04]} 7. Qe2 {[%emt 0:00:00]} Bb7 {[%emt 0:00:03]} 8. O-O {[%emt 0:00:03]} Qc8 {[%emt 0:00:10]} 9. b4 {[%emt 0:00:15]} c5 {[%emt 0:00:29]} 10. Nbd2 {[%emt 0:00:17]} a5 {[%emt 0:01:11]} 11. bxc5 {[%emt 0:00:04]} bxc5 {[%emt 0:00:02]} 12. Ba3 {[%emt 0:00:03]} Nbd7 {[%emt 0:00:16]} 13. Ne5 {[%emt 0:00:04]} Ba6 {[%emt 0:02:50]} 14. Bxa6 {[%emt 0:00:02]} Rxa6 {[%emt 0:00:01]} 15. Nb3 {[%emt 0:00:02]} c4 {[%emt 0:00:20]} 16. Nd2 {[%emt 0:00:03]} Re8 {[%emt 0:00:17]} 17. e4 {[%emt 0:00:01]} e6 {[%emt 0:00:12]} 18. g4 {[%emt 0:00:04]} Qc7 {[%emt 0:01:02]} 19. Rab1 {[%emt 0:00:30]} Nb6 {[%emt 0:03:03]} 20. Rf3 {[%emt 0:01:09]} Nxe4 {[%emt 0:00:46]} 21. Nxe4 {[%emt 0:02:22]} dxe4 {[%emt 0:00:02]} 22. Qxe4 {[%emt 0:00:02]} f5 {[%emt 0:00:41]} 23. Qc6 {[%emt 0:00:02]} Qxc6 {[%emt 0:00:04]} 24. Nxc6 {[%emt 0:00:01]} Nd5 {[%emt 0:00:31]} 25. Nb8 {[%emt 0:00:01]} Ra7 {[%emt 0:02:33]} 26. Bc5 {[%emt 0:00:48]} Ra8 {[%emt 0:00:13]} 27. Nd7 {[%emt 0:00:45]} Rac8 {[%emt 0:02:41]} 28. Rb7 {[%emt 0:00:48]} Rc7 {[%emt 0:00:07]} 29. Rxc7 {[%emt 0:00:01]} Nxc7 {[%emt 0:00:02]} 30. Nb6 {[%emt 0:00:07]} Nd5 {[%emt 0:00:05]} 31. Nxc4 {[%emt 0:00:03]} Rb8 {[%emt 0:00:56]} 32. Nxa5 {[%emt 0:00:10]} Rb1+ {[%emt 0:00:12]} 33. Kg2 {[%emt 0:01:02]} Rb2+ {[%emt 0:00:10]} 34. Rf2 {[%emt 0:00:11]} Nxf4+ {[%emt 0:00:23]} 35. Kf3 {[%emt 0:00:01]} Rxf2+ {[%emt 0:00:14]} 36. Kxf2 {[%emt 0:00:01]} Nd3+ {[%emt 0:00:15]} 37. Ke3 {[%emt 0:00:08]} Nxc5 {[%emt 0:00:01]} 38. dxc5 {[%emt 0:00:01]} Bf8 {[%emt 0:00:05]} 39. Nb7 {[%emt 0:00:06]} Kf7 {[%emt 0:00:04]} 40. a4 {[%emt 0:00:13]} e5 {[%emt 0:00:05]} 41. a5 {[%emt 0:00:10]} 1-0

[Event "RUS-chT Men Rapid 2019"]
[Site "Sochi"]
[Date "2019.10.18"]
[Round "3.24"]
[White "Pervakov, Sergey"]
[Black "Frolov, Aleksey G."]
[Result "1/2-1/2"]
[WhiteElo "2093"]
[BlackElo "2093"]
[Annotator "NA"]
[PlyCount "154"]
[EventDate "2019.10.18"]
[EventType "swiss"]
[EventCountry "RUS"]
[SourceTitle "playchess.com"]
[Source "ChessBase"]
[SourceQuality "1"]
[TimeControl "900+10"]

1. e4 {[%emt 0:00:00]} e5 {[%emt 0:00:00]} 2. Nc3 {[%emt 0:00:03]} Nf6 {[%emt 0:00:00]} 3. Bc4 {[%emt 0:00:05]} Nc6 {[%emt 0:00:00]} 4. d3 {[%emt 0:00:05]} Na5 {[%emt 0:00:02]} 5. Bb3 {[%emt 0:00:03]} Be7 {[%emt 0:00:08]} 6. Nge2 {[%emt 0:00:56]} O-O {[%emt 0:00:07]} 7. O-O {[%emt 0:00:08]} Nxb3 {[%emt 0:00:02]} 8. axb3 {[%emt 0:00:01]} d5 {[%emt 0:00:01]} 9. exd5 {[%emt 0:00:36]} Nxd5 {[%emt 0:00:03]} 10. f4 {[%emt 0:02:23]} Bc5+ {[%emt 0:02:17]} 11. Kh1 {[%emt 0:00:02]} exf4 {[%emt 0:01:07]} 12. Nxd5 {[%emt 0:00:08]} Qxd5 {[%emt 0:00:02]} 13. Nc3 {[%emt 0:00:25]} Qc6 {[%emt 0:00:44]} 14. Bxf4 {[%emt 0:00:34]} Be6 {[%emt 0:00:31]} 15. Qh5 {[%emt 0:01:10]} Bd4 {[%emt 0:00:28]} 16. Ra5 {[%emt 0:02:42]} f6 {[%emt 0:01:43]} 17. Qb5 {[%emt 0:01:09]} Qb6 {[%emt 0:03:13]} 18. Re1 {[%emt 0:04:32]} Rfe8 {[%emt 0:02:21]} 19. Qxb6 {[%emt 0:00:25]} cxb6 {[%emt 0:00:25]} 20. Raa1 {[%emt 0:00:48]} a6 {[%emt 0:00:04]} 21. Be3 {[%emt 0:00:39]} Bxc3 {[%emt 0:01:03]} 22. bxc3 {[%emt 0:00:10]} b5 {[%emt 0:00:03]} 23. Kg1 {[%emt 0:00:41]} Rac8 {[%emt 0:00:02]} 24. Bd2 {[%emt 0:00:14]} Kf7 {[%emt 0:00:05]} 25. Kf2 {[%emt 0:00:01]} Rc6 {[%emt 0:00:27]} 26. Re3 {[%emt 0:00:30]} Rec8 {[%emt 0:00:18]} 27. Rae1 {[%emt 0:00:18]} a5 {[%emt 0:00:33]} 28. Ra1 {[%emt 0:00:15]} Ra8 {[%emt 0:00:07]} 29. Re4 {[%emt 0:00:16]} Rca6 {[%emt 0:00:44]} 30. Be3 {[%emt 0:00:11]} Rc8 {[%emt 0:00:44]} 31. Bd2 {[%emt 0:00:09]} Raa8 {[%emt 0:00:04]} 32. Rae1 {[%emt 0:00:11]} Rc6 {[%emt 0:00:07]} 33. Ra1 {[%emt 0:00:09]} Rca6 {[%emt 0:00:47]} 34. Be3 {[%emt 0:00:04]} a4 {[%emt 0:00:18]} 35. bxa4 {[%emt 0:00:08]} bxa4 {[%emt 0:00:06]} 36. Bc5 {[%emt 0:00:12]} a3 {[%emt 0:00:09]} 37. Rb4 {[%emt 0:00:15]} Bd5 {[%emt 0:00:01]} 38. c4 {[%emt 0:00:07]} Bc6 {[%emt 0:00:02]} 39. Ra2 {[%emt 0:00:23]} Ra5 {[%emt 0:00:04]} 40. d4 {[%emt 0:00:10]} Kg6 {[%emt 0:00:31]} 41. Rb3 {[%emt 0:00:13]} Ra4 {[%emt 0:01:34]} 42. Rbxa3 {[%emt 0:00:09]} R8a6 {[%emt 0:00:10]} 43. Rxa4 {[%emt 0:00:07]} Rxa4 {[%emt 0:00:06]} 44. Rxa4 {[%emt 0:00:07]} Bxa4 {[%emt 0:00:01]} 45. Ke3 {[%emt 0:00:16]} Bxc2 {[%emt 0:00:02]} 46. d5 {[%emt 0:00:08]} Kf7 {[%emt 0:00:13]} 47. Kd4 {[%emt 0:00:03]} Ke8 {[%emt 0:00:03]} 48. Bb4 {[%emt 0:00:13]} Kd7 {[%emt 0:00:05]} 49. Bf8 {[%emt 0:00:16]} g6 {[%emt 0:00:13]} 50. c5 {[%emt 0:00:17]} h5 {[%emt 0:00:18]} 51. Bg7 {[%emt 0:00:09]} f5 {[%emt 0:00:03]} 52. h4 {[%emt 0:00:08]} Be4 {[%emt 0:00:48]} 53. g3 {[%emt 0:00:01]} Bb1 {[%emt 0:00:02]} 54. Be5 {[%emt 0:00:13]} Bc2 {[%emt 0:00:04]} 55. Bf4 {[%emt 0:00:08]} Bb3 {[%emt 0:00:01]} 56. Ke5 {[%emt 0:00:06]} Ba2 {[%emt 0:00:18]} 57. d6 {[%emt 0:00:21]} Bb3 {[%emt 0:00:27]} 58. Kf6 {[%emt 0:00:08]} Bd1 {[%emt 0:00:07]} 59. Kxg6 {[%emt 0:00:05]} Bg4 {[%emt 0:00:02]} 60. Kf6 {[%emt 0:00:12]} Bh3 {[%emt 0:00:01]} 61. Be3 {[%emt 0:00:13]} Bg4 {[%emt 0:00:05]} 62. Bd4 {[%emt 0:00:13]} Bh3 {[%emt 0:00:08]} 63. Kg6 {[%emt 0:00:04]} Bg4 {[%emt 0:00:01]} 64. Kf7 {[%emt 0:00:04]} Bd1 {[%emt 0:00:05]} 65. Kf6 {[%emt 0:00:12]} Bg4 {[%emt 0:00:01]} 66. Be3 {[%emt 0:00:06]} Bh3 {[%emt 0:00:09]} 67. Ke5 {[%emt 0:00:10]} Bg4 {[%emt 0:00:05]} 68. Bf4 {[%emt 0:00:09]} Bh3 {[%emt 0:00:05]} 69. Kf6 {[%emt 0:00:14]} Bg4 {[%emt 0:00:03]} 70. Kg6 {[%emt 0:00:04]} Bd1 {[%emt 0:00:06]} 71. Kxf5 {[%emt 0:00:05]} Be2 {[%emt 0:00:01]} 72. Ke5 {[%emt 0:00:07]} Bf3 {[%emt 0:00:02]} 73. Kd4 {[%emt 0:00:07]} Bg4 {[%emt 0:00:03]} 74. Kc4 {[%emt 0:00:06]} Kc6 {[%emt 0:00:01]} 75. Kb4 {[%emt 0:00:07]} Be6 {[%emt 0:00:02]} 76. Be3 {[%emt 0:00:09]} Bd7 {[%emt 0:00:08]} 77. Ka5 {[%emt 0:00:08]} Be6 {[%emt 0:00:10]} 1/2-1/2

[Event "RUS-chT Men Rapid 2019"]
[Site "Sochi"]
[Date "2019.10.18"]
[Round "3.25"]
[White "Jary, Sergey"]
[Black "Zakaryan, David"]
[Result "0-1"]
[WhiteElo "2275"]
[BlackElo "2338"]
[Annotator "NA"]
[PlyCount "104"]
[EventDate "2019.10.18"]
[EventType "swiss"]
[EventCountry "RUS"]
[SourceTitle "playchess.com"]
[Source "ChessBase"]
[SourceQuality "1"]
[TimeControl "900+10"]

1. Nf3 {[%emt 0:00:00]} d5 {[%emt 0:00:00]} 2. c4 {[%emt 0:00:04]} e6 {[%emt 0:00:00]} 3. g3 {[%emt 0:00:37]} Nf6 {[%emt 0:00:00]} 4. Bg2 {[%emt 0:00:08]} Be7 {[%emt 0:00:08]} 5. O-O {[%emt 0:00:26]} O-O {[%emt 0:00:03]} 6. d4 {[%emt 0:00:58]} c6 {[%emt 0:00:08]} 7. Qc2 {[%emt 0:00:26]} Nbd7 {[%emt 0:00:07]} 8. Nbd2 {[%emt 0:00:08]} Re8 {[%emt 0:00:15]} 9. e4 {[%emt 0:00:11]} dxe4 {[%emt 0:00:02]} 10. Nxe4 {[%emt 0:00:02]} Nxe4 {[%emt 0:00:10]} 11. Qxe4 {[%emt 0:00:03]} c5 {[%emt 0:00:25]} 12. Rd1 {[%emt 0:01:05]} Qb6 {[%emt 0:01:00]} 13. b3 {[%emt 0:00:37]} cxd4 {[%emt 0:00:04]} 14. Nxd4 {[%emt 0:00:33]} Nc5 {[%emt 0:00:12]} 15. Qc2 {[%emt 0:01:28]} Bd7 {[%emt 0:00:27]} 16. Be3 {[%emt 0:00:35]} Rad8 {[%emt 0:00:30]} 17. Rab1 {[%emt 0:01:23]} a5 {[%emt 0:01:48]} 18. h3 {[%emt 0:02:30]} g6 {[%emt 0:01:02]} 19. Ne2 {[%emt 0:00:27]} Bc6 {[%emt 0:00:26]} 20. Nc3 {[%emt 0:00:21]} Bxg2 {[%emt 0:00:06]} 21. Kxg2 {[%emt 0:00:01]} Qc6+ {[%emt 0:00:05]} 22. Kg1 {[%emt 0:00:03]} f5 {[%emt 0:00:55]} 23. Qe2 {[%emt 0:00:50]} Nd7 {[%emt 0:00:38]} 24. Nb5 {[%emt 0:00:40]} Ne5 {[%emt 0:00:19]} 25. f4 {[%emt 0:00:22]} Nf7 {[%emt 0:01:04]} 26. Qg2 {[%emt 0:00:10]} Bc5 {[%emt 0:00:38]} 27. Bxc5 {[%emt 0:00:02]} Qxc5+ {[%emt 0:00:01]} 28. Qf2 {[%emt 0:00:01]} Qc6 {[%emt 0:00:38]} 29. Qg2 {[%emt 0:00:01]} Qc8 {[%emt 0:01:02]} 30. Qf3 {[%emt 0:02:15]} e5 {[%emt 0:00:04]} 31. Rxd8 {[%emt 0:00:37]} Rxd8 {[%emt 0:00:22]} 32. Rd1 {[%emt 0:00:03]} e4 {[%emt 0:00:36]} 33. Rxd8+ {[%emt 0:00:04]} Qxd8 {[%emt 0:00:01]} 34. Qe2 {[%emt 0:00:07]} h5 {[%emt 0:00:02]} 35. h4 {[%emt 0:00:23]} Nh6 {[%emt 0:00:03]} 36. Kg2 {[%emt 0:00:04]} Ng4 {[%emt 0:00:02]} 37. Nc3 {[%emt 0:00:04]} Qd4 {[%emt 0:00:06]} 38. Nd5 {[%emt 0:00:01]} e3 {[%emt 0:00:15]} 39. Kg1 {[%emt 0:01:46]} Kh7 {[%emt 0:00:22]} 40. Kf1 {[%emt 0:00:13]} Qe4 {[%emt 0:00:08]} 41. Kg1 {[%emt 0:00:03]} Qd4 {[%emt 0:00:44]} 42. Kg2 {[%emt 0:00:05]} Kg7 {[%emt 0:00:17]} 43. Kf1 {[%emt 0:00:04]} Qe4 {[%emt 0:00:14]} 44. Kg1 {[%emt 0:00:01]} Qd4 {[%emt 0:00:18]} 45. Kf1 {[%emt 0:00:03]} Kf7 {[%emt 0:00:04]} 46. Kg2 {[%emt 0:00:06]} Qd2 {[%emt 0:00:08]} 47. Qxd2 {[%emt 0:00:30]} exd2 {[%emt 0:00:01]} 48. Nc3 {[%emt 0:00:01]} Ne3+ {[%emt 0:00:03]} 49. Kf3 {[%emt 0:00:02]} d1=Q+ {[%emt 0:00:03]} 50. Nxd1 {[%emt 0:00:01]} Nxd1 {[%emt 0:00:02]} 51. a3 {[%emt 0:00:02]} Ke6 {[%emt 0:00:07]} 52. b4 {[%emt 0:00:07]} Nb2 {[%emt 0:00:07]} 0-1

[Event "RUS-chT Men Rapid 2019"]
[Site "Sochi"]
[Date "2019.10.18"]
[Round "3.26"]
[White "Nazaretyan, Tigran"]
[Black "Papenin, Nikolai"]
[Result "1-0"]
[WhiteElo "2297"]
[BlackElo "2295"]
[Annotator "NA"]
[PlyCount "91"]
[EventDate "2019.10.18"]
[EventType "swiss"]
[EventCountry "RUS"]
[SourceTitle "playchess.com"]
[Source "ChessBase"]
[SourceQuality "1"]
[TimeControl "900+10"]

1. d4 {[%emt 0:00:00]} Nf6 {[%emt 0:00:00]} 2. c4 {[%emt 0:00:00]} c5 {[%emt 0:00:00]} 3. dxc5 {[%emt 0:00:00]} e6 {[%emt 0:00:00]} 4. a3 {[%emt 0:00:47]} Bxc5 {[%emt 0:00:00]} 5. Nc3 {[%emt 0:00:29]} O-O {[%emt 0:00:05]} 6. b4 {[%emt 0:00:06]} Be7 {[%emt 0:00:02]} 7. e4 {[%emt 0:00:16]} d6 {[%emt 0:00:11]} 8. Nf3 {[%emt 0:00:07]} a6 {[%emt 0:00:39]} 9. Bd3 {[%emt 0:00:25]} Nbd7 {[%emt 0:00:20]} 10. h3 {[%emt 0:00:32]} b6 {[%emt 0:00:12]} 11. Bf4 {[%emt 0:00:06]} Bb7 {[%emt 0:00:13]} 12. O-O {[%emt 0:00:04]} Qc7 {[%emt 0:00:27]} 13. Qe2 {[%emt 0:00:36]} Ne5 {[%emt 0:01:13]} 14. Nxe5 {[%emt 0:00:18]} dxe5 {[%emt 0:00:03]} 15. Be3 {[%emt 0:00:21]} Rfd8 {[%emt 0:01:14]} 16. Rfc1 {[%emt 0:00:08]} Rab8 {[%emt 0:01:30]} 17. Na4 {[%emt 0:02:49]} Ba8 {[%emt 0:03:58]} 18. c5 {[%emt 0:01:54]} b5 {[%emt 0:01:01]} 19. Nc3 {[%emt 0:00:52]} Rd4 {[%emt 0:00:05]} 20. Bxd4 {[%emt 0:01:35]} exd4 {[%emt 0:00:01]} 21. Nb1 {[%emt 0:00:24]} Qf4 {[%emt 0:02:02]} 22. Nd2 {[%emt 0:00:28]} Bc6 {[%emt 0:00:09]} 23. Nf3 {[%emt 0:01:10]} Rd8 {[%emt 0:00:36]} 24. Re1 {[%emt 0:00:42]} e5 {[%emt 0:03:13]} 25. g3 {[%emt 0:00:19]} Qh6 {[%emt 0:00:01]} 26. Nxe5 {[%emt 0:00:05]} Ba8 {[%emt 0:00:28]} 27. h4 {[%emt 0:00:39]} Re8 {[%emt 0:00:03]} 28. Qa2 {[%emt 0:00:08]} Qh5 {[%emt 0:00:08]} 29. f4 {[%emt 0:00:23]} Rf8 {[%emt 0:00:02]} 30. Rac1 {[%emt 0:00:29]} Bb7 {[%emt 0:00:20]} 31. Rcd1 {[%emt 0:00:39]} Qh6 {[%emt 0:00:08]} 32. Bc2 {[%emt 0:00:21]} Nh5 {[%emt 0:00:04]} 33. Qb3 {[%emt 0:01:00]} Nxf4 {[%emt 0:00:04]} 34. gxf4 {[%emt 0:00:24]} Qxf4 {[%emt 0:00:02]} 35. Nf3 Qg3+ {[%emt 0:00:17]} 36. Kh1 {[%emt 0:00:28]} Kh8 {[%emt 0:01:23]} 37. Ng1 {[%emt 0:00:39]} Qxh4+ {[%emt 0:00:07]} 38. Qh3 {[%emt 0:00:02]} Qf2 {[%emt 0:00:01]} 39. Re2 {[%emt 0:00:08]} Qf4 {[%emt 0:00:08]} 40. Rf1 {[%emt 0:00:08]} Qe5 {[%emt 0:00:14]} 41. Nf3 {[%emt 0:00:08]} Qc7 {[%emt 0:00:33]} 42. Bd3 {[%emt 0:00:55]} g6 {[%emt 0:00:06]} 43. Rh2 {[%emt 0:00:09]} h5 {[%emt 0:00:04]} 44. Rg1 {[%emt 0:00:03]} h4 {[%emt 0:00:37]} 45. Nxh4 {[%emt 0:00:09]} Kg7 {[%emt 0:00:01]} 46. Nf5+ {[%emt 0:00:04]} 1-0

[Event "RUS-chT Men Rapid 2019"]
[Site "Sochi"]
[Date "2019.10.18"]
[Round "3.27"]
[White "Derjabin, Ilja"]
[Black "Ivlev, Aleksey"]
[Result "1-0"]
[WhiteElo "2333"]
[BlackElo "2292"]
[Annotator "NA"]
[PlyCount "61"]
[EventDate "2019.10.18"]
[EventType "swiss"]
[EventCountry "RUS"]
[SourceTitle "playchess.com"]
[Source "ChessBase"]
[SourceQuality "1"]
[TimeControl "900+10"]

1. d4 {[%emt 0:00:00]} Nf6 {[%emt 0:00:00]} 2. c4 {[%emt 0:00:00]} e6 {[%emt 0:00:00]} 3. Nc3 {[%emt 0:00:00]} c5 {[%emt 0:00:00]} 4. d5 {[%emt 0:00:00]} exd5 {[%emt 0:00:01]} 5. cxd5 {[%emt 0:00:00]} d6 {[%emt 0:00:01]} 6. e4 {[%emt 0:00:00]} g6 {[%emt 0:00:01]} 7. Nge2 {[%emt 0:00:02]} Bg7 {[%emt 0:00:04]} 8. Ng3 {[%emt 0:00:01]} O-O {[%emt 0:00:08]} 9. Be2 {[%emt 0:00:01]} a6 {[%emt 0:01:04]} 10. a4 {[%emt 0:00:02]} Re8 {[%emt 0:00:13]} 11. O-O {[%emt 0:00:04]} h5 {[%emt 0:00:02]} 12. Bg5 {[%emt 0:00:02]} Qb6 {[%emt 0:00:23]} 13. a5 {[%emt 0:00:44]} Qc7 {[%emt 0:00:28]} 14. f4 {[%emt 0:00:08]} Bg4 {[%emt 0:02:05]} 15. Bxf6 {[%emt 0:02:10]} Bxe2 {[%emt 0:00:02]} 16. Qxe2 {[%emt 0:00:02]} Bxf6 {[%emt 0:00:01]} 17. e5 {[%emt 0:00:01]} dxe5 {[%emt 0:00:48]} 18. Nce4 {[%emt 0:00:25]} Nd7 {[%emt 0:02:14]} 19. f5 {[%emt 0:00:03]} Bg7 {[%emt 0:00:50]} 20. fxg6 {[%emt 0:07:10]} fxg6 {[%emt 0:00:03]} 21. d6 {[%emt 0:00:01]} Qc6 {[%emt 0:01:43]} 22. Qc4+ {[%emt 0:00:02]} Kh8 {[%emt 0:00:01]} 23. Qf7 {[%emt 0:00:03]} Nf8 {[%emt 0:02:00]} 24. Nxh5 {[%emt 0:01:02]} gxh5 {[%emt 0:00:35]} 25. Qxh5+ {[%emt 0:00:05]} Kg8 {[%emt 0:00:55]} 26. Ng5 {[%emt 0:00:30]} Qd7 {[%emt 0:02:00]} 27. Rf7 {[%emt 0:00:56]} Red8 {[%emt 0:00:01]} 28. Raf1 {[%emt 0:00:30]} e4 {[%emt 0:00:38]} 29. Rxf8+ {[%emt 0:00:19]} Bxf8 {[%emt 0:00:08]} 30. Rf7 {[%emt 0:00:02]} Bg7 {[%emt 0:00:42]} 31. Qh7# 1-0

[Event "RUS-chT Men Rapid 2019"]
[Site "Sochi"]
[Date "2019.10.18"]
[Round "3.28"]
[White "Tenikashvili, Georgij"]
[Black "Kurbedinov, Ramis"]
[Result "0-1"]
[WhiteElo "2337"]
[BlackElo "2280"]
[Annotator "NA"]
[PlyCount "72"]
[EventDate "2019.10.18"]
[EventType "swiss"]
[EventCountry "RUS"]
[SourceTitle "playchess.com"]
[Source "ChessBase"]
[SourceQuality "1"]
[TimeControl "900+10"]

1. d4 {[%emt 0:00:00]} Nf6 {[%emt 0:00:00]} 2. Nf3 {[%emt 0:00:00]} g6 {[%emt 0:00:03]} 3. c4 {[%emt 0:00:02]} Bg7 {[%emt 0:00:01]} 4. Nc3 {[%emt 0:00:02]} d6 {[%emt 0:00:01]} 5. Bg5 {[%emt 0:00:03]} h6 {[%emt 0:00:28]} 6. Bh4 {[%emt 0:00:03]} O-O {[%emt 0:00:07]} 7. e3 {[%emt 0:00:04]} c6 {[%emt 0:00:20]} 8. Be2 {[%emt 0:00:06]} a6 {[%emt 0:00:04]} 9. a4 {[%emt 0:00:32]} a5 {[%emt 0:01:22]} 10. O-O {[%emt 0:01:07]} Na6 {[%emt 0:00:03]} 11. e4 {[%emt 0:02:08]} g5 {[%emt 0:01:44]} 12. Bg3 {[%emt 0:00:05]} Nh5 {[%emt 0:00:04]} 13. Qd2 {[%emt 0:01:34]} Nb4 {[%emt 0:01:23]} 14. Rad1 {[%emt 0:00:30]} f5 {[%emt 0:01:41]} 15. Ne1 {[%emt 0:04:38]} Nxg3 {[%emt 0:00:06]} 16. hxg3 {[%emt 0:01:05]} fxe4 {[%emt 0:01:00]} 17. Nxe4 {[%emt 0:00:03]} Bf5 {[%emt 0:00:04]} 18. Qe3 {[%emt 0:00:14]} Qc8 {[%emt 0:01:38]} 19. Nc3 {[%emt 0:02:04]} Qe6 {[%emt 0:00:17]} 20. Qxe6+ {[%emt 0:00:10]} Bxe6 {[%emt 0:00:01]} 21. Rd2 {[%emt 0:01:39]} Rf7 {[%emt 0:02:02]} 22. f4 {[%emt 0:01:51]} g4 {[%emt 0:01:41]} 23. Kf2 {[%emt 0:00:14]} Bf5 {[%emt 0:00:19]} 24. Ke3 {[%emt 0:00:15]} Re8 {[%emt 0:00:38]} 25. Bd3 {[%emt 0:00:06]} e5 {[%emt 0:00:19]} 26. fxe5 {[%emt 0:00:15]} dxe5 {[%emt 0:00:50]} 27. d5 {[%emt 0:00:04]} e4 {[%emt 0:00:28]} 28. Bb1 {[%emt 0:00:02]} Nd3 {[%emt 0:00:52]} 29. Ne2 {[%emt 0:00:29]} c5 {[%emt 0:00:29]} 30. b3 {[%emt 0:00:05]} h5 {[%emt 0:00:23]} 31. Bc2 {[%emt 0:00:01]} h4 {[%emt 0:00:33]} 32. gxh4 {[%emt 0:00:06]} g3 {[%emt 0:00:24]} 33. Nf4 {[%emt 0:00:09]} Bd4+ {[%emt 0:00:13]} 34. Ke2 {[%emt 0:00:01]} Bg4+ {[%emt 0:00:02]} 35. Nf3 {[%emt 0:00:01]} exf3+ {[%emt 0:00:17]} 36. Kxd3 {[%emt 0:00:02]} Bf5# {[%emt 0:00:03]} 0-1

[Event "RUS-chT Men Rapid 2019"]
[Site "Sochi"]
[Date "2019.10.18"]
[Round "4.1"]
[White "Grachev, Boris"]
[Black "Bocharov, Dmitry"]
[Result "1/2-1/2"]
[WhiteElo "2621"]
[BlackElo "2519"]
[Annotator "TA"]
[PlyCount "28"]
[EventDate "2019.10.18"]
[EventType "swiss"]
[EventCountry "RUS"]
[SourceTitle "playchess.com"]
[Source "ChessBase"]
[SourceQuality "1"]

{[%evp 18,28,28,18,37,28,43,6,32,6,21,0,8]} 1. Nf3 c5 2. c4 Nf6 3. Nc3 e6 4. g3 b6 5. Bg2 Bb7 6. O-O Be7 7. b3 O-O 8. Bb2 d6 9. e3 Nbd7 10. Qe2 Rc8 {A30: Symmetrical English: Double Fianchetto and Hedgehog} 11. Rad1 $146 ({Predecessor:} 11. Rfd1 Qc7 12. Ne1 Bxg2 13. Nxg2 Qb7 14. d4 cxd4 15. exd4 d5 16. cxd5 Nxd5 17. Nxd5 Qxd5 18. Ne3 {0-1 (58) Mista,A (2593)-Donchenko,A (2569) Drancy 2016}) 11... Qc7 12. h3 Rfd8 13. d3 a6 14. Ne1 Bxg2 1/2-1/2

[Event "RUS-chT Men Rapid 2019"]
[Site "Sochi"]
[Date "2019.10.18"]
[Round "4.2"]
[White "Yuffa, Daniil"]
[Black "Potkin, Vladimir"]
[Result "1/2-1/2"]
[WhiteElo "2577"]
[BlackElo "2583"]
[Annotator "ChessBase"]
[PlyCount "44"]
[EventDate "2019.10.18"]
[EventType "swiss"]
[EventCountry "RUS"]
[SourceTitle "playchess.com"]
[Source "ChessBase"]
[SourceQuality "1"]
[TimeControl "900+10"]

1. d4 {[%emt 0:00:00]} Nf6 {[%emt 0:00:00]} 2. c4 {[%emt 0:00:00]} e6 {[%emt 0:00:22]} 3. g3 {[%emt 0:00:01]} d5 {[%emt 0:00:09]} 4. Bg2 {[%emt 0:00:02]} dxc4 {[%emt 0:00:17]} 5. Nf3 {[%emt 0:00:05]} a6 {[%emt 0:00:05]} 6. O-O {[%emt 0:00:13]} Nc6 {[%emt 0:00:04]} 7. Bg5 {[%emt 0:00:27]} Be7 {[%emt 0:00:13]} 8. e3 {[%emt 0:00:03]} O-O {[%emt 0:01:22]} 9. Nbd2 {[%emt 0:00:22]} e5 {[%emt 0:00:28]} 10. Nxc4 {[%emt 0:00:03]} exd4 {[%emt 0:00:03]} 11. Nxd4 {[%emt 0:00:02]} Nxd4 {[%emt 0:00:02]} 12. Qxd4 {[%emt 0:00:12]} Qxd4 {[%emt 0:00:09]} 13. exd4 {[%emt 0:00:02]} h6 {[%emt 0:00:49]} 14. Bf4 {[%emt 0:00:29]} Be6 {[%emt 0:00:09]} 15. Rfe1 {[%emt 0:02:09]} Bxc4 {[%emt 0:03:17]} 16. Rxe7 {[%emt 0:00:05]} Nd5 {[%emt 0:00:02]} 17. Bxd5 {[%emt 0:01:57]} Bxd5 {[%emt 0:00:02]} 18. Rxc7 {[%emt 0:02:14]} Rac8 {[%emt 0:00:15]} 19. Rc5 {[%emt 0:00:34]} Rfd8 {[%emt 0:02:33]} 20. b3 {[%emt 0:02:18]} Rxc5 {[%emt 0:00:47]} 21. dxc5 {[%emt 0:00:04]} Bf3 {[%emt 0:00:01]} 22. Re1 {[%emt 0:00:56]} Rd5 {[%emt 0:00:34]} 1/2-1/2